| 000 | 00411cam a2200169ua 4500 | ||
|---|---|---|---|
| 041 |
_aeng _h |
||
| 082 |
_a612 _bDOU/HU |
||
| 100 | _aDouglas , C G . | ||
| 245 |
_aHuman physiology / _cC G Douglas. _hTextual Documents |
||
| 250 |
_a3 / _b. |
||
| 260 |
_aLondon : _bOxford University Press , _c1948. |
||
| 300 | _a258 ; . | ||
| 504 | _a | ||
| 700 | 1 | _aPriestley, J G . | |
| 942 | _cBK | ||
| 999 |
_c9223 _d9223 |
||